[Event "Candidates Tournament"]
[Site "London"]
[Date "2013.03.27"]
[Round "10"]
[White "Aronian, Levon"]
[Black "Ivanchuk, Vassily"]
[Result "1-0"]
[WhiteElo "2809"]
[BlackElo "2757"]
[Annotator "Gormally,D"]
[PlyCount "59"]
[EventDate "2013.03.15"]
[EventType "tourn"]
[EventRounds "14"]
[EventCountry "ENG"]
[EventCategory "22"]
[SourceTitle "CBM 154"]
[Source "ChessBase"]
[SourceDate "2013.05.15"]
[SourceVersion "1"]
[SourceVersionDate "2013.05.15"]
[SourceQuality "1"]

{Levon Aronian looked like the strongest player in the early stages of the
candidates, but strange things seemed to be happening in this extraordinary
tournament, and he did not look the same player in the second half of the
event.   Perhaps the bright spot for him during this period was his win
against Ivanchuk, a game which kept his hopes of qualifiying alive, and
against a player whom he also beat in the first half.} 1. d4 Nf6 2. c4 e5 {
Some might be surprised by Ivanchuk's adoption of the Budapest Gambit, an
opening that is rarely seen at the top level, in such a strong event. But he
has played this opening before, and anyway as is very well known, Ivanchuk can
play pretty much anything! In general the mercurial Ukranian genius seemed to
have a laid-back approach to this tournament, when asked at one press
conference who he was playing tomorrow, he threw his hands up and confessed he
didn't know! But at times he was too laid-back, as we shall see.} 3. dxe5 Ng4
4. Nf3 Nc6 5. Bf4 Bb4+ 6. Nc3 {As is typical of Aronian, he plays the most
ambitious move. Besides, the tournament situation demanded that he kept the
position on the board as unbalanced as possible.} ({White is also slightly
better after} 6. Nbd2 Qe7 7. e3 Ngxe5 8. Nxe5 Nxe5 9. Be2 {with very little
risk of losing, which is probably one of the reasons why the popularity of
this opening has never really caught on.}) 6... Bxc3+ 7. bxc3 Qe7 8. Qd5 $1 {
Hanging on to the extra pawn.} f6 9. exf6 Nxf6 10. Qd3 d6 11. g3 O-O 12. Bg2
Bg4 13. O-O Rae8 14. Rae1 {Aronian deviates from an earlier game in this
variation. This move is played not so much to push the e-pawn, but to protect
e2 so as to make Nd4 possible.} (14. Rab1 $5 b6 15. Rbe1 Kh8 16. Bg5 Bxf3 17.
Qxf3 Ne5 18. Qb7 Nxc4 19. Qxa7 Qe5 20. Qa6 Qc5 21. Bxf6 Rxf6 22. Rd1 c6 23. Rd4
d5 $6 24. e4 $1 {and White was better and went on to win in Nikolic,P-Hector,J
Germany 2010. In general I have my doubts about Black's prospects in this line.
After all not only is White a pawn up, but he has the two bishops as well! And
while the black pieces can find very natural and good squares, I'm not sure
this fully compensates for the pawn. In addition I like the fact that White
has an extra pawn on the kingside - his king is ultra safe, in contrast to his
opposing number, a consideration that becomes highly important later in the
game.}) 14... Kh8 15. Nd4 $6 {A logical continuation of the previous move, but
this allows Black to defuse some of the white initiative.} ({I believe it made
more sense to keep more pieces and tension on the board with} 15. h3 Bd7 (15...
Bxf3 $2 16. Bxf3 {would not now make much sense, as ...Ne5 is not possible as
b7 would be hanging at the end}) {and now a strong but very logical pawn
sacrifice-} 16. c5 $1 {This is directed against Black's plan of playing ...b6,
reducing the c4-pawn to a permanent weakness, after which it would be very
hard for White to generate any play} dxc5 (16... d5 17. Bxc7 Qxc5 18. Rb1 b6
19. Bf4 {also looks good for White, as he has the d5-pawn to aim at now}) 17.
e4 Be6 18. Ng5 Rd8 19. Qc2 {a change of events which in my opinion would
massively favour White, as now he has a four vs two majority on the kingside,
as well as the two bishops, at this level such an advantage is almost always
decisive. It's important to note as well that} Bc4 $2 {is not possible because
of} 20. e5 $1 Bd3 21. exf6 $18) 15... Ne5 $1 16. Bxe5 dxe5 17. Nf5 (17. Nb5 $2
Qc5 $1 {looks awkward for White.}) 17... Bxf5 18. Qxf5 Nd7 $1 19. Qe4 ({
Aronian, in the press conference after the game, was slightly critical of his
play around about this point, suggesting that perhaps more accurate was} 19.
Qd3 {as perhaps White can then adapt a different plan of immediately attacking
the black kingside.} c6 20. Be4 $5 g6 21. h4 Nc5 (21... Nb6 22. Rb1 {also
looks better for White}) 22. Qe3 Nxe4 23. Qxe4 $14) 19... c6 $1 {Solidifying
the situation on the queenside and saying to White - I'm going to attack your
queenside weakies, what are you going to do about it? Perhaps White is still
better from a theoretical point of view, but now I would almost rather play
Black, as his play seems much easier, just attack the weak white queenside
pawns somehow. But of course Aronian is not 2800 for nothing, and it is
exactly in such dangerous situations that his considerable practical skills
come to the fore.} 20. Rd1 Nb6 $1 {Aronian wanted to lure the knight to c5,
but of course Ivanchuk has instead the logical aim of simply eating the
c4-pawn.} 21. Rd3 Qc5 22. Qh4 {Unhappy with the way things are developing on
the queenside, Aronian makes what turns out to be a highly successful decision,
that is to burn all his bridges and put all his faith in a kingside attack.
His decision was perhaps also guided by the fact that Ivanchuk was becoming
extremely short of time, hardly a rare event for him in this tournament, as he
lost on time I believe on a remarkable six occasions! Possibly he became so
absorbed in these epic battles that he lost sight of something so basic as a
chess clock.} g6 23. Be4 Kg7 24. Kg2 Qxc4 {With this move, Ivanchuk is also
crossing the Rubicon.} (24... Rf7 $1 {was perhaps simplest of all. A
multi-purpose move, this keeps an eye on the f2-pawn, while also preparing a
lateral defence of the h7-point. It would be very difficult for White to build
up an attack then.} 25. Rf3 Qxc4 26. Rxf7+ Qxf7 {and Black could look forward
to the future with great confidence.}) 25. Rfd1 Qxa2 $1 {The most principled
continuation, and also the best.} ({As Aronian explained afterwards, it was
possible for Black to go into an inferior ending with} 25... Nd5 26. Bxd5 Qxh4
27. gxh4 cxd5 28. Rxd5 {but he expected that Vassily would take on a2, as "he
always tries to play the best move".}) 26. g4 $1 $40 {Played with the very
dangerous intention of bringing the rook to h3. Aronian felt quite happy with
the situation now, as although Black is still ok, the position is becoming
very sharp and any mis-step could prove fatal.} Rf4 ({It was also possible to
return with} 26... Qc4 $5 {which leads to the fun line} 27. g5 Kg8 28. Rh3 Re7
29. Rd6 $1 {when White has generated quite dangerous threats, that are not
easily defused.}) 27. Bf5 $1 {Aronian very rarely misses such tactical
opportunities. Now the threat is Rd7, with a mating attack.} Nd5 $1 (27... gxf5
$2 28. Rd7+ Nxd7 29. Rxd7+ {and Black will have to give up the queen to
prevent mate} Qf7 30. Rxf7+ Kxf7 31. Qxh7+ Kf8 32. Qh6+ Ke7 33. g5 $1 {and the
ending is winning.}) 28. Rh3 Rh8 $2 {This is too passive, and runs into a
strong rejoinder. But no doubt Ivanchuk's clock was hanging at this moment...}
({He had seen the right move} 28... h5 $1 {but did not have enough time to
work out the consequences.} 29. Qg5 Rxg4+ $1 ({Ivanchuk had only looked at} 
29... Qxe2 30. Qxg6+ Kf8 {which he thought might lead to perpetual check.} 31.
Qh6+ Ke7 32. Qg7+ Kd6 33. Qd7+ Kc5 34. Rxd5+ Kb6 $1 35. Rd1 $1 hxg4 36. Rb1+
Kc5 37. Rh6 Qxf2+ 38. Kh1 Qf3+ {which is indeed equal}) (29... Rxf5 $5 30. gxf5
Nf4+ 31. Kh1 Qxe2 32. Rd7+ Kg8 33. Re3 {might still generate some chances for
White}) 30. Bxg4 hxg4 31. Qh6+ Kf7 {and White should probably take the perp
with} 32. Qh7+ Kf6 33. Qh4+) 29. e3 $1 {Killing Black's counterplay and
putting a very awkward question to the rook.} gxf5 (29... Qb3 30. Rb1 $1) (
29... Rxf2+ {"a sad move" (Aronian).} 30. Qxf2 Qxf2+ 31. Kxf2 gxf5 32. gxf5
Nxc3 33. Rd7+ Kf6 34. Rh5 Ne4+ 35. Kf3 Nc5 36. Rh6+ Kg5 37. Rdd6 {and White is
winning the ending.}) (29... Rc4 30. Bxg6 $1 Kxg6 31. Qh5+ Kf6 32. Qf5+ Ke7 33.
Qxe5+ {and it's over.}) 30. exf4 {Ivanchuk lost on time, but his position is
now hopeless in any case.} 1-0

[Event "Candidates Tournament"]
[Site "London"]
[Date "2013.03.27"]
[Round "10"]
[White "Carlsen, Magnus"]
[Black "Gelfand, Boris"]
[Result "1-0"]
[WhiteElo "2872"]
[BlackElo "2740"]
[Annotator "Nielsen,Peter Heine"]
[PlyCount "95"]
[EventDate "2013.03.15"]
[EventType "tourn"]
[EventRounds "14"]
[EventCountry "ENG"]
[EventCategory "22"]
[SourceTitle "CBM 154"]
[Source "ChessBase"]
[SourceDate "2013.05.15"]
[SourceVersion "1"]
[SourceVersionDate "2013.05.15"]
[SourceQuality "1"]

{Magnus Carlsen: "My game against Gelfand in round 10, annotated by Peter
Heine Nielsen below, represents the level of chess I aspired to play at in the
Candidates. Although I did not succeed in every game, I take great comfort in
having reached the main objective which was to qualify for the World
Championship match against V. Anand. I would like to express my gratitude to
Peter Heine and the other seconds for their valuable help in reaching this
goal."} 1. e4 c5 2. Nf3 Nc6 {Openingwise the players are basically 2 opposites.
While Carlsen moves around a lot, Gelfand, both in the WC-match with Anand and
in this Candidates tournaments stayed completely loyal to the Grünfeld against
1.d4 and the Sveshnikov against 1.e4.} 3. Bb5 $5 {Sveshnikov was right! At
least judged by the current trends, White players seems to concede that the
actual Sveshnikov Sicilian is fine for Black, and that 3.Bb5 is the way to
fight for the advantage. As Sveshnikov claimed years back. Anand did well with
Bb5 in the match, and later both Caruana and Ponomariov posed Gelfand some
problems.} e6 4. O-O ({In round 7 Magnus played} 4. Bxc6 {against Radjabov,
and after} bxc6 5. b3 d6 6. O-O $5 {tried this idea, deviating from 6.e5 which
was both played by McShane and Grischuk against Radjabov. The idea is that
after 6...e5 we have a position known from 3...d6 4.Bxc6 bxc6 5.0-0 only with
the white pawn on b3 instead of b2. Not a huge difference, but definitely
leading to a playble position for White. Here Radjabov played} Ne7 $5 {and in
a complex position, Magnus hallucinated, and was suddenly lost, but saved the
game after inaccurate play by Radjabov.}) 4... Nge7 5. Re1 a6 $5 {In the
Tashkent Grand Prix against Caruana and Ponomariov, Gelfand chose 5...Nd4, but
part of the reason behind being able to succesfully repeat his openings, is
having small surprises within them, and for this candidates he had prepared 5..
.a6, and employed it already succesfully with Grischuk in round 6.} 6. Bf1 d5
7. exd5 $5 {I was seconding Magnus in London, but also got help from other
seconds online. They suggested this line, thinking it leads to a moderately
pleasant position, with a long game ahead, which should suit Magnus style
excellently.} ({Grischuk played} 7. d3 {and we saw an unusually sharp fight
for pawn structure with big decisions early on:} d4 $5 8. e5 $5 Nd5 9. c4 $5
dxc3 10. bxc3 Rb8 11. Bb2 b5 $5 {and after a tactical error by Grischuk
Gelfand got a winning position, although the game ended in a draw.}) 7... Nxd5
8. d4 Nf6 9. Be3 cxd4 (9... Be7 {might be slightly more accurate as after} 10.
c4 O-O 11. Nc3 cxd4 12. Nxd4 {instead of 12...Bd7 also 12...Qc7 indenting ...
Rd8 is possible.}) 10. Nxd4 Bd7 11. c4 {This is the concept. White has a bit
more space and a queenside majority. Black of course a healthy and solid
position though.} Nxd4 (11... Be7 12. Nc3 O-O 13. Nf3 $5 {White has been quite
succesful with, and this is an argument for Gelfand's choice, securing
relieving exchanges before it is too late.}) (11... Bb4 $5 {is a principled
choice, but after} 12. Nc3 Bxc3 13. bxc3 O-O 14. Bf4 {White's activity more
than compensates for the structural weaknesses. After} Nxd4 $5 15. cxd4 Bc6 {
surprisingly suddenly we have the typically Nimzo pawn structure, very similar
to game 11 in the Anand-Gelfand match, where Gelfand had a pleasant position
with the 2 bishops, before that game was drawn.}) 12. Bxd4 Bc6 13. Nc3 Be7 14.
a3 $5 {Magnus was happy with this decision, as he thought the interpolation of
a3/a5 is probably favouring White.} (14. Qd3 O-O 15. Rad1 {This was played in
the stem game Kinmark (that's actually an anagram of Kramnik as my Swedish
friends have pointed out!) -Paoli 1975, also being slightly more pleasant for
White.}) 14... a5 $5 {The principled approach, and what one would expect from
Gelfand.} (14... O-O 15. b4 {is what White wants, but as usual only a slight
edge.}) 15. Qd3 O-O (15... a4 $6 {is an ambitious attempt, but after} 16. Rad1
O-O 17. Qg3 {White's initiative becomes too strong.}) 16. Rad1 Qc7 17. Be5 Qb6
18. Qg3 Rfd8 (18... Nh5 $5 19. Qh3 Nf6 {would be an interesting way to defend,
as now Bc7 no longer annoys Black, and Black is threatening ...Rfd8.} 20. Bd3
h6 21. Bd4 Qc7 22. b4 $1 {and White still keeps an edge though.}) 19. Rxd8+ (
19. Nd5 {Magnus said at the press-conference that he had wasted quite some
time on this move, which fails due to a small tactic:} exd5 20. Bd4 Bc5 21.
Bxf6 Bxf2+ $1 {leading to a drawish ending.}) 19... Qxd8 20. Rd1 Qb6 (20... Qf8
$5 {Speelman mentioned this move at the press conference, to which Gelfand
quite rightly replied that from a practical perspective it has no huge
relevance. Gelfand's plan was hampering Black's queenside play in an ambitious
manner, but this more defensive move does have some bite, as the following
tactic:} 21. b4 $5 axb4 22. axb4 Nh5 $1 23. Qg4 Bxb4 24. Qxh5 f6 $1 25. Bd3 g6
$1 {amazingly holds up for Black, as after} 26. Bxg6 $2 (26. Qg4 $1 fxe5 27.
Qxe6+ Qf7 28. Qxe5 Ra5 {and Black has enough compensation to draw here}) 26...
hxg6 27. Qxg6+ Qg7 {and due to the mate on g2, White can't take on f6 with the
queen, and thus suddenly ends up a piece short! Instead of 21.b4, probably 21.
Bd3!? is stronger, and White remains comfortably placed.}) 21. Bd4 Qb3 22. Rd3
(22. Rd2 {is more modest, but White still has a pleasant game after eg.} a4 23.
Qc7 Nd7 24. Be3 Bd8 25. Qg3 {But the game puts much more direct pressure on
Black.}) 22... Qc2 23. b4 $1 axb4 24. axb4 Nh5 25. Qe5 (25. Qe3 $5 {This
computer move also keeps an edge, the main point being} Bxb4 26. Qg5 g6 (26...
f6 $1 {a much better fighting chance} 27. Qxh5 e5 28. Qf5 Rf8 $1 {() and
although White is better, Black keeps definite figthing chances}) 27. Ne4 $1
Bxe4 28. Qe5 $1 {and Black's position suddenly collapses.}) 25... Bf6 {The
toughest defence.} ({Both players saw} 25... Ra1 26. Nd1 $1 Rxd1 27. Rxd1 Qxd1
28. Qb8+ Bf8 29. Bc5 h6 30. Qxf8+ Kh7 {and now} 31. Qd6 $1 {is the key
bringing back the queen for defence, and the ensuing endings will just be
winning for White due to the queenside majority and the pair of bishops.} (31.
Qxf7 $2 Be4 $1 {however would completely reverse the situation, as ...Bd3
can't be stopped.})) 26. Qxh5 Bxd4 27. Rxd4 Qxc3 28. Qa5 $1 {The point behind
23.b4, without this, White wouldn't even be better. But now with this
intermezzo, White just manages to coordinate in time, and thus his queenside
majority secures a huge edge.} Rf8 29. Qb6 e5 {The only way to fight.} 30. Rd1
(30. Rd8 $5 g6 31. b5 Be4 32. Rd7 {transposes to the line below.}) 30... g6 31.
b5 Be4 32. Qf6 $6 (32. h4 $5) (32. Rd7 {This seems almost winning, the idea
being Qd6 next, and if now ...Bf5, then Rxb7.} Qe1 33. Qd6 $16) 32... h5 $6 (
32... Bf5 $1 {A very good fighting chance,} 33. Rd5 Be6 34. Qxe5 Qxe5 35. Rxe5
Rc8 {as this could be easily drawn for Black, White should probably not
liquidate into this ending. An important line is} 36. c5 Kf8 37. Bd3 Bd7 $1 {
followed by ...f6 winning back the pawn.}) 33. h4 Bf5 34. Rd5 Qc1 $5 (34... Be6
35. Qxe5 Qxe5 36. Rxe5 Rc8 37. c5 Kf8 38. Bd3 Bd7 {is now different, as ...f6
would weaken the g6-pawn, and thus h4/h5 greatly favours White.}) 35. Qxe5 Be6
36. Rd4 Ra8 37. Qe2 {Gelfand has reasonable activity for the pawn, but in time
pressure commits a few inaccuracies, which Magnus punished mercilessly.} Kh7 $6
(37... Qa1 38. Qd1 Kg7 {eg. was a much tougher defence} 39. c5 $2 Qc3 $1 {
being one resource.}) 38. Rd1 Qc3 39. Qe4 Ra1 $2 {But ...Ra7 as the computer
thinks, fights on. But it is impossible for a human to play.} 40. Rxa1 Qxa1 41.
c5 $1 {The time control has been reached, but now White is completely winning,
as nothing stops his pawns marching forward.} Qc3 42. Qxb7 (42. b6 {would
indeed be safer, but Magnus missed Gelfand's reply to his next move.}) 42...
Qe1 $5 (42... Qxc5 43. b6 {followed by Qa6, and the pawn just queens.}) 43. b6
{Magnus said at the press conference that he quite quickly recovered from the
shock, and that despite losing the bishop on f1, it doesn't really change much,
as what matters is that the white pawns are queening.} Bc4 44. Qf3 $1 Qxf1+ 45.
Kh2 Qb1 46. b7 Qb5 47. c6 Bd5 48. Qg3 $1 {Controlling g2, and h4, eliminating
even any small attempts at counterplay, and simultaneously queening the b-pawn
made Gelfand resign. Probably Magnus' best game in London. He achieved only a
small edge in the opening, but with some precise tactics managed to enlarge it,
and then increased it to decisive proportions in Gelfand's time trouble. This
gave Carlsen the sole lead, but much more was still to happen...} 1-0